00565nam a2200109Ia 4500008004100000020001800041245011000059260003900169650001700208650018900225856004100414171212s9999 xx 000 0 und d a9781607323341 ceditor Durrenberger, E. Paul;Palsson, GisliaGambling DebtbIceland's Rise and Fall in the Global Economy bUniversity Press of Coloradoc2015 aAnthropology aIceland -- Economic conditions -- 21st century; Financial crises -- Iceland -- History -- 21st century; Global Financial Crisis, 2008–2009; Debts, External -- Iceland -- 21st century uhttp://jstor.org/stable/j.ctt169wdcd